Tôi đi bán tôi: Tập phóng sự
Phải chuyển số PL về 895.9224
Guardat en:
| Autor principal: | |
|---|---|
| Format: | Llibre |
| Idioma: | Undetermined |
| Publicat: |
Tp. HCM
Văn Nghệ
2001
|
| Matèries: | |
| Etiquetes: |
Afegir etiqueta
Sense etiquetes, Sigues el primer a etiquetar aquest registre!
|
| Thư viện lưu trữ: | Trung tâm Học liệu Trường Đại học Cần Thơ |
|---|
| LEADER | 00577nam a2200181Ia 4500 | ||
|---|---|---|---|
| 001 | CTU_40522 | ||
| 008 | 210402s9999 xx 000 0 und d | ||
| 082 | |a 895.9223 | ||
| 082 | |b Nh121 | ||
| 100 | |a Huỳnh Dũng Nhân | ||
| 245 | 0 | |a Tôi đi bán tôi: Tập phóng sự | |
| 245 | 0 | |c Huỳnh Dũng Nhân | |
| 260 | |a Tp. HCM | ||
| 260 | |b Văn Nghệ | ||
| 260 | |c 2001 | ||
| 520 | |a Phải chuyển số PL về 895.9224 | ||
| 650 | |a vietnamese fiction,vietnamese literature - 20th century | ||
| 980 | |a Trung tâm Học liệu Trường Đại học Cần Thơ | ||